Foro sobre las armas químicas

Guardado en:
書目詳細資料
企業作者: Conferencia de Desarme
格式: Procedimiento de la Conferencia
標簽: 添加標簽
沒有標簽, 成為第一個標記此記錄!

MARC

LEADER 00000 a a2200000 04500
001 48559
003
040
111 |a Conferencia de Desarme   |n (   |d 1988 octubre 27)  
245 |a Foro sobre las armas químicas  
246 |a Desarme:   |b boletín  
773 |g volumen6, número6, (1988), páginas 67  
999 |c 34543  |d 34543